000 01704nam a2200349 a 4500
001 ebr10680838
003 CaPaEBR
006 m u
007 cr cn|||||||||
008 100714s2011 nyuad sb 001 0 eng d
010 _z 2010029833
020 _z9781608760633 (softcover)
020 _z9781617611544 (e-book)
040 _aCaPaEBR
_cCaPaEBR
035 _a(OCoLC)847621246
043 _an-us---
050 1 4 _aRA781
_b.P5645 2011eb
082 0 4 _a613.70973
_222
245 0 0 _aPhysical activity guidelines for Americans and a review of scientific literature used
_h[electronic resource] /
_cHailey A. Cowell, editor.
260 _aHauppauge, N.Y. :
_bNova Science Publishers,
_cc2011.
300 _aviii, 105 p. :
_bcol. ill.
490 1 _aPublic health in the 21st century
504 _aIncludes bibliographical references and index.
505 0 _aIntroducing the 2008 physical activity guidelines for Americans -- Physical activity has many health benefits -- Active children and adolescents -- Active adults -- Active older adults -- Safe and active -- Additional considerations for some adults -- Taking action : increasing physical activity levels of Americans.
533 _aElectronic reproduction.
_bPalo Alto, Calif. :
_cebrary,
_d2013.
_nAvailable via World Wide Web.
_nAccess may be limited to ebrary affiliated libraries.
650 0 _aExercise
_xStandards
_zUnited States.
655 7 _aElectronic books.
_2local
700 1 _aCowell, Hailey A.
710 2 _aebrary, Inc.
830 0 _aPublic health in the 21st century series.
856 4 0 _uhttp://site.ebrary.com/lib/rucke/Doc?id=10680838
_zAn electronic book accessible through the World Wide Web; click to view
999 _c60245
_d60245